<?xml version="1.0" encoding="UTF-8"?>
<record
    xmlns:xsi="http://www.w3.org/2001/XMLSchema-instance"
    xsi:schemaLocation="http://www.loc.gov/MARC21/slim http://www.loc.gov/standards/marcxml/schema/MARC21slim.xsd"
    xmlns="http://www.loc.gov/MARC21/slim">

  <leader>00713nem a2200217 u 4500</leader>
  <controlfield tag="005">20200104041743.0</controlfield>
  <controlfield tag="008">160506b2001    c  ||||| |a|| 00| 0 spa d</controlfield>
  <datafield tag="040" ind1=" " ind2=" ">
    <subfield code="a">CO-BoIAVH</subfield>
    <subfield code="c">CO-BoIAVH</subfield>
  </datafield>
  <datafield tag="041" ind1=" " ind2=" ">
    <subfield code="a">spa</subfield>
  </datafield>
  <datafield tag="044" ind1=" " ind2=" ">
    <subfield code="a">ck</subfield>
  </datafield>
  <datafield tag="090" ind1=" " ind2=" ">
    <subfield code="a">MC-</subfield>
    <subfield code="b">0170</subfield>
  </datafield>
  <datafield tag="110" ind1="2" ind2=" ">
    <subfield code="a">Instituto de Investigaci&#xF3;n de recursos biol&#xF3;gicos Alexander Von Humboldt.</subfield>
    <subfield code="9">204</subfield>
  </datafield>
  <datafield tag="245" ind1="1" ind2=" ">
    <subfield code="a">Altiplano cundiboyacense</subfield>
    <subfield code="b">Propuesta delimitaci&#xF3;n de &#xE1;reas Proyectos GEF- Zona 4</subfield>
    <subfield code="h">[Material Cartografico]</subfield>
  </datafield>
  <datafield tag="255" ind1=" " ind2=" ">
    <subfield code="a">1:300.000</subfield>
  </datafield>
  <datafield tag="260" ind1=" " ind2=" ">
    <subfield code="a">Bogota ;</subfield>
    <subfield code="b">IAvH</subfield>
    <subfield code="c">2001</subfield>
  </datafield>
  <datafield tag="300" ind1=" " ind2=" ">
    <subfield code="a">1 mapa ;</subfield>
    <subfield code="b">color.</subfield>
    <subfield code="c">1.00 x 70 cm </subfield>
  </datafield>
  <datafield tag="650" ind1="1" ind2="6">
    <subfield code="a">Hidrograf&#xED;a</subfield>
    <subfield code="9">5361</subfield>
  </datafield>
  <datafield tag="650" ind1="1" ind2="6">
    <subfield code="a">Geografia</subfield>
    <subfield code="9">67769</subfield>
  </datafield>
  <datafield tag="650" ind1="1" ind2="6">
    <subfield code="a">Municipios</subfield>
    <subfield code="z">Cundiboyacense </subfield>
    <subfield code="9">67770</subfield>
  </datafield>
  <datafield tag="942" ind1=" " ind2=" ">
    <subfield code="2">z</subfield>
    <subfield code="c">Mapa</subfield>
  </datafield>
  <datafield tag="999" ind1=" " ind2=" ">
    <subfield code="c">18507</subfield>
    <subfield code="d">18507</subfield>
  </datafield>
  <datafield tag="952" ind1=" " ind2=" ">
    <subfield code="0">0</subfield>
    <subfield code="1">0</subfield>
    <subfield code="2">z</subfield>
    <subfield code="4">0</subfield>
    <subfield code="7">0</subfield>
    <subfield code="8">CARTOGRAFI</subfield>
    <subfield code="a">Bogota</subfield>
    <subfield code="b">Bogota</subfield>
    <subfield code="d">2016-05-06</subfield>
    <subfield code="l">0</subfield>
    <subfield code="o">MC-0170</subfield>
    <subfield code="p">040164</subfield>
    <subfield code="r">2016-05-06 00:00:00</subfield>
    <subfield code="t">Ej.1</subfield>
    <subfield code="w">2016-05-06</subfield>
    <subfield code="y">Mapa</subfield>
  </datafield>
</record>
